00819cam a22002411 4500001001300000003000400013005001700017008004100034010001700075035001900092040004100111042001200152050002900164110004500193245008400238260004800322300001800370490006900388500004800457650002500505650003000530999001700560e 35000194 DLC20260227111225.0790718s1933 kyu 000 0 eng c ae 35000194  a(OCoLC)5184047 aU.S. Off. of Educ. LibrarycOCldDLC apremarc00aL152b.B35 vol. 1, no. 71 aKentucky.bEducational Commission (1932)00aSummary of findings and recommendations of the Kentucky Educational commission. aFrankfort, Ky.,bDept. of education,c1933. a48 p.c23 cm.0 aKentucky. Dept. of education. Education bulletin,vvol. I, no. 7 aAt head of title: Commonwealth of Kentucky. 0aEducationzKentucky. 0aPublic schoolszKentucky. c21435d21435